Normal view
MARC view
- الارباح-الشركات-الاردن
Entry Topical Term
001 - CONTROL NUMBER
- control field: 61383
003 - CONTROL NUMBER IDENTIFIER
- control field: JO-AjAnu
005 - DATE AND TIME OF LATEST TRANSACTION
- control field: 20230606084030.0
008 - FIXED-LENGTH DATA ELEMENTS
- fixed length control field: 230606|| aca||aabn | a|a d
040 ## - CATALOGING SOURCE
- Original cataloging agency: JO-AjAnu
- Transcribing agency: JO-AjAnu
150 ## - HEADING--TOPICAL TERM
- Topical term or geographic name entry element: الارباح-الشركات-الاردن
670 ## - SOURCE DATA FOUND
- Source citation: Work cat.: (JO-AjAnu)31311: اعداد كساسبة، منال علي؛ اشراف احمد ابراهيم كراجة, author 61382, أثر دوران اعضاء مجلس الادارة على جودة الارباح في الشركات الصناعية الاردنية المدرجة في بورصة عمان: تركيز الملكية كمتغير معدل=The Impact of Board of Directors Turnover on Earning Quality in the Jordanian Industrial Companies Listed on the Amman Stock Exchange:Ownership Concentration as a Moderating Variable